| 000 | nam a22 a 4500 | ||
|---|---|---|---|
| 999 |
_c119463 _d119463 |
||
| 003 | BLK | ||
| 005 | 20221012163411.0 | ||
| 008 | 180409b bul|||||r ||||||| ||bul|| | ||
| 010 | _aKNG00125078000 | ||
| 040 | _aBLK | ||
| 041 |
_aBUL _cBUL |
||
| 080 |
_aСпециална библиография _b016 _x:949.72.042.22 _z016:949.72.042.22 |
||
| 080 |
_aАприлско въстание (1876). Четата на Хр. Ботев _b94(497.2)"1876" _x(01) _z94(497.2)"1876"(01) |
||
| 100 | 1 |
_aКоева, Мария Ангелова _eпърви автор _9316196 |
|
| 139 |
_aКоева, Мария А. _bК 73 |
||
| 245 | 1 | 0 |
_aАприл 1876 _bМетод. и библиогр. материали в помощ на библ. _cМария Ангелова Коева; ред. Христо Хаджихристов. |
| 257 | _aBGR | ||
| 260 |
_aСофия _bНар. библ. Кирил и Методий _c1976 |
||
| 300 |
_a105 с. _c23 см |
||
| 380 | _a0 | ||
| 650 | 4 |
_aАприлско въстание, 1876 г. - библиографии _9316197 |
|
| 653 | _aАприлско въстание | ||
| 653 | _aбиблиографски указатели | ||
| 653 | _aбългарска история | ||
| 700 | 1 |
_aХаджихристов, Христо _eред. _9376727 |
|
| 852 |
_aЦб 79955 _bЦб |
||
| 856 | 4 |
_qpdf _i0.00 _ldisable |
|
| 856 | 4 |
_qpdf _i0.00 _ldisable |
|
| 942 |
_cKNG _n0 _s1 |
||
| 944 |
_aCR _c19.08.2011 _l19.08.2011 - от С1,Р / 19.08.2011 _kНора_Радева |
||
| 944 |
_aED _c2022-10-12 _kир |
||
| 999 | _d119463 | ||